LIBRARY ONLINE CATALOGUE

Advanced Reporting: (Record no. 19406)

MARC details
000 -LEADER
fixed length control field 00559nam a22001817a 4500
008 - FIXED-LENGTH DATA ELEMENTS--GENERAL INFORMATION
fixed length control field 220722b |||||||| |||| 00| 0 eng d
020 ## - INTERNATIONAL STANDARD BOOK NUMBER
International Standard Book Number 0415824286
050 ## - LIBRARY OF CONGRESS CALL NUMBER
Classification number PN775
Item number .M34 2015
100 ## - MAIN ENTRY--PERSONAL NAME
Personal name Maguire, Miles
245 ## - TITLE STATEMENT
Title Advanced Reporting:
Remainder of title Essential Skills for 21st Century Journalism/
Statement of responsibility, etc. Miles Maguire
260 ## - PUBLICATION, DISTRIBUTION, ETC. (IMPRINT)
Place of publication, distribution, etc. New York
Name of publisher, distributor, etc. Routledge
Date of publication, distribution, etc. 2015
300 ## - PHYSICAL DESCRIPTION
Extent xiii, 247p.
650 ## - SUBJECT ADDED ENTRY--TOPICAL TERM
Topical term or geographic name as entry element Journalism
Form subdivision Authorship
650 ## - SUBJECT ADDED ENTRY--TOPICAL TERM
Topical term or geographic name as entry element Journalism
Form subdivision technological innovations
650 ## - SUBJECT ADDED ENTRY--TOPICAL TERM
Topical term or geographic name as entry element Online Journalism
650 ## - SUBJECT ADDED ENTRY--TOPICAL TERM
Topical term or geographic name as entry element Reporters and reporting
942 ## - ADDED ENTRY ELEMENTS (KOHA)
Source of classification or shelving scheme Library of Congress Classification
Koha item type General Collection
Holdings
Withdrawn status Lost status Source of classification or shelving scheme Not for loan Home library Current library Date acquired Cost, normal purchase price Total Checkouts Full call number Barcode Date last seen Price effective from Koha item type Date last checked out
    Library of Congress Classification   Kabarak, Main Campus Kabarak, Main Campus 22/07/2022 6261.00   PN775 .M34 2015 c.1 032143 22/07/2022 22/07/2022 General Collection  
    Library of Congress Classification   Kabarak, Main Campus Kabarak, Main Campus 22/07/2022 6261.00 1 PN775 .M34 2015 c.2 032144 10/07/2023 22/07/2022 General Collection 19/06/2023
    Library of Congress Classification   Kabarak, Main Campus Kabarak, Main Campus 22/07/2022 6261.00   PN775 .M34 2015 c.3 032145 22/07/2022 22/07/2022 General Collection